000 nam a22 a 4500
999 _c2921
_d2921
005 20170518155035.0
008 170518s2006 be ||||| |||| 00| 0 eng d
040 _aAKMAL
082 _a320.12 WCO
090 _a320.12
_bWCO
245 1 0 _a(Customs Compendium) Intergrated Border Management /
_cWorld Customs Organization.
260 _aBrussels ;
_bWorld Customs Organization,
_c2006.
300 _a44pages
_c29cm
500 _aVolume 9 D/2006/0448/56
650 1 0 _aCustoms administration
_xLaw and legislation
_96000
710 _aWorld Customs Organization
_95917
942 _2ddc
_cBOOK
950 _lAKMAL